| Поле | Инд. | ПП | Название | Значение |
|---|---|---|---|---|
| Тип записи | a | |||
| Библиографический уровень | m | |||
| 001 | Контрольный номер | 74ec1412-99fd-4134-b730-6cf59aed1225 | ||
| 005 | Дата корректировки | 20140703154756.1 | ||
| 008 | Кодируемые данные | 070627 | ||
| 020 | a | ISBN | 5-9667-0162-8 | |
| c | Цена, тираж | 20.00 | ||
| 040 | a | Служба первич. каталог. | НБ ТвГУ | |
| 041 | a | Код языка текста | rus | |
| 080 | a | Индекс УДК | 373.3.016:811.161.1'367.622 | |
| 084 | a | Индекс другой классификации/Индекс ББК | Ч426.812.2 | |
| 090 | x | Авторский знак | С16 | |
| a | Полочн. индекс | Ч426.812 | ||
| 100 | 1_ | a | Автор | Саломатина Лариса Сергеевна |
| 245 | 10 | a | Заглавие | Имя существительное |
| b | Продолж. заглавия | творч. задания | ||
| c | Ответственность | Л. С. Саломатина | ||
| 260 | 0_ | a | Место издания | Москва |
| b | Издательство | Чистые пруды | ||
| c | Дата издания | 2006 | ||
| 300 | a | Объем | 29 с. | |
| b | Иллюстрации/ тип воспроизводства | ил. | ||
| 440 | a | Серия | Библиотечка "Первого сентября" | |
| a | Серия | Начальная школа | ||
| 490 | _0 | v | N тома | вып. 2(8) |
| 583 | a | Действие | Получение впервые 161 26.06.2007 | |
| k | Исполнитель действия | Дар ООО "Чистые пруды" | ||
| 650 | a | Основная рубрика | Русский язык | |
| x | Основная подрубрика | Грамматика | ||
| x | Основная подрубрика | Методика преподавания в начальной школе | ||
| 650 | a | Основная рубрика | Существительное в русском языке | |
| 653 | a | Ключевые слова | Русский язык в школе | |
| a | Ключевые слова | Преподавание русского языка | ||
| a | Ключевые слова | Начальная школа | ||
| a | Ключевые слова | Грамматика русского языка | ||
| a | Ключевые слова | Части речи | ||
| a | Ключевые слова | Существительное в русском языке | ||
| a | Ключевые слова | Методика | ||
| 852 | t | Порядковый номер экземпляра | 1 | |
| p | Инвентарный номер | 878644 | ||
| 863 | t | 00174458 | ||
| 888 | a | Бесплатные | ||
| 930 | a | Новая/Ретро | методика | |
| 952 | p | 161.2007 20.00 1 878644 | ||
| c | Вид литературы | К ру | ||
| 954 | a | Дата поступления на обработку | 20070820 | |
| 999 | a | Подразделение 2 | Фил2 |